MARC

LEADER 00000nab a2200000 a 4500
001 vtls000331373
003 SK-MaSNL
005 20260305021238.0
008 140301c1988 xo 0 slo
015 |a SNBRB19rr/mm-uuuuu 
035 |a CL0331495 
040 |a SNKBUCL  |b slo  |c SNKBUCL  |e AACR2 
041 0 |a slo 
044 |a xo  |c SK 
080 |a 792.2  |2 1981 
100 1 |a Bakošová-Hlavenková, Zuzana,  |d 1947-2019  |4 aut  |9 14587 
245 1 0 |a Spor o Tartuffa  |c Zuzana Bakošová-Hlavenková 
600 0 7 |a Molière,  |d 1622-1673  |t Tartuffe  |2 snkbucl  |9 120405 
610 2 7 |a Divadlo pre deti a mládež (Trnava, Slovensko)  |2 snkbucl  |9 62728 
650 0 7 |a divadelné inscenácie  |2 snkbucl  |9 3326 
650 0 7 |a činohry  |2 snkbucl  |9 3325 
655 7 |a recenzie  |2 snkbucl  |9 21907 
655 7 |a články z novín a časopisov  |2 snkbucl  |9 267496 
773 0 |t Slovenské divadlo  |g Roč. 36, č. 3 (1988), s. 408-410 
850 |a Slovenská národná knižnica v Martine  |a MTA001 
852 |a SNK  |b KIS3GCP 
992 |a RBX 
999 |c 3284608  |d 3286538